00587 2200217 4500001002100000005001500021035002000036007000300056008004100059020002200100082000800122084001400130100002300144245009800167250001200265260003200277300002100309600002000330856000800350990001100358INLIS00000000000031520260310013047 a0010-0326000077ta260310 0  a978-602-0770-76-5 a297 a297 A.R t0 aA.R. SHOHIBUL ULUM1 a7 RUMUS BAHAGIA DUNIA AKHIRAT :bMUKJIZAT ,SYUKUR,IKHLAS,MUHASABAH,RIDA TAWAKAL DAN ISTIKOMAH aPERTAMA aYOGYAKARTA :bMUEEZA,c2019 a168 hlm ;c20 cm 4a7 RUMUS BAHAGIA a300 a35.980